000 00530nam a2200169Ia 4500
008 090711s9999 xx 000 0 und d
082 _b60234
100 _aकानिटकर माधव (संपा.)
245 _aगgहिणीगाथा
260 _c1968
300 _a132
600 _aकानिटकर माधव (संपा.)
630 _aगgहिणीगाथा
700 _aकानिटकर माधव (संपा.)
730 _aगgहिणीगाथा
942 _cBOOK
999 _c309101
_d309101